Statistics for 東と東南アジア地図クイズ

Click here to take the quiz!

General Stats

  • This quiz has been taken 2,286 times
  • The average score is 13 of 17

Answers on the Map

Answers color-coded by a green-red scale on the quiz's map according to % correct below.
 

Answer Stats

Answer% Correct
中国
91%
北朝鮮
87%
モンゴル
86%
日本
85%
韓国
85%
台湾
84%
フィリピン
81%
インドネシア
79%
タイ
74%
ベトナム
73%
シンガポール
73%
東ティモール
71%
マレーシア
70%
ミャンマー
65%
ラオス
63%
ブルネイ
63%
カンボジア
63%

Score Distribution

Percentile by Number Answered

Percent of People with Each Score

Your Score History

You have not taken this quiz